Vista normal Vista MARC

Entrada Materia (personas)

Número de registros utilizados en: 1

001 - CONTROL NUMBER

  • control field: 48980

003 - CONTROL NUMBER IDENTIFIER

  • control field: Co-BoUCM

005 - DATE AND TIME OF LATEST TRANSACTION

  • control field: 20131025083046.0

008 - FIXED-LENGTH DATA ELEMENTS

  • fixed length control field: 131025|| aca||aabn | a|a d

040 ## - CATALOGING SOURCE

  • Original cataloging agency: Co-BoUCM
  • Transcribing agency: Co-BoUCM

100 ## - HEADING--PERSONAL NAME

  • Personal name: Atkins, Elaine

670 ## - SOURCE DATA FOUND

  • Source citation: Work cat.: (Co-BoUCM)36963: Atkins, Elaine, A practical approach to orthopaedic medicine, 2010